000 00296nam a2200121Ia 4500
008 191201s2011 xx 000 0 und d
100 _aMORRIS MANO, M
245 0 _aComputer Systems Architecture
250 _aIMP 8th
260 _c2011
_bpearson
_aNEW DELHI
300 _a520
942 _2ddc
_cBK
_038
999 _c7773
_d7773